00963 a2200145 450000500170000000800410001702000180005804100120007610000160008824500160010425000090012026000270012930000080015652006530016420241008115902.0241008b |||||||| |||| 00| 0 eng d a9789355517555 aEnglish aKanetkar Y. aLet Us Java a7th  bBPB Publicationsc2024 a526 aTable of Contents 1. An Overview of Java 2. Getting Started 3. Java Data Types and Instructions 4. Decision Control Instruction 5. Loop Control Instruction 6. Case Control Instruction 7. Functions 8. Advanced Features of Functions 9. Introduction to OOP 10. Classes and Objects 11. Arrays 12. Strings and Enums 13. Inheritance 14. Polymorphism 15. Exception Handling 16. Effective Input/Output 17. Multithreading in Java 18. Generics 19. Java Collections 20. Lambdas and Functional Programming 21. User Interfaces (in downloadable form) 22. JDBC 23. Network and Internet Programming 24. Miscellany 25. The Next Level Periodic Tests I, II, II, IV, V